00608nam a2200181Ia 450000500170000000800410001702000180005808200160007610000350009224500640012726000780019130000180026965000090028765000110029694200060030795200980031399900150041120240514015105.0240331s9999 xx 000 0 und d a9789556070507 bGSPa331.94 aCenter for Policy Alternatives 0aGSP+and Sri Lanka:bEconomic, Labor and Human Rights Isuues aColombobCentre for policy Alternatives & Friedrich Ebert Stiftungc2008 avii, 196 p ., aLaws aSocial cL 001040708LaWERCLbWERCLcSSCd2024-03-31l0o 331.94 GSPp6278r2024-03-31w2024-03-31yL c2927d2927